त्रिपदी / (Record no. 114486)

MARC details
000 -LEADER
fixed length control field 00969nam a22002537a 4500
005 - DATE AND TIME OF LATEST TRANSACTION
control field 20170124103009.0
010 ## - LIBRARY OF CONGRESS CONTROL NUMBER
LC control number A-830622
020 ## - INTERNATIONAL STANDARD BOOK NUMBER
Terms of availability 60.00
International Standard Book Number 8171451012
035 ## - SYSTEM CONTROL NUMBER
System control number A-830622
037 ## - SOURCE OF ACQUISITION
Source of stock number/acquisition Cen Lib/Ret
040 ## - CATALOGING SOURCE
Original cataloging agency DPL
Language of cataloging HN
082 ## - DEWEY DECIMAL CLASSIFICATION NUMBER
Classification number
Item number आशापू
100 ## - MAIN ENTRY--PERSONAL NAME
Personal name आशापूर्णा देवी
9 (RLIN) 56997
245 ## - TITLE STATEMENT
Title त्रिपदी /
Statement of responsibility, etc आशापूर्णा देवी
246 ## - VARYING FORM OF TITLE
Title proper/short title Tripdi /
Remainder of title by Aashapoorna Devi
260 ## - PUBLICATION, DISTRIBUTION, ETC. (IMPRINT)
Place of publication, distribution, etc दिल्ली
Name of publisher, distributor, etc सन्मार्ग प्रकाशन
Date of publication, distribution, etc 1997
270 ## - ADDRESS
Address 16-यू.बी.बैंगलो रोड
City दिल्ली
Postal code 110007
300 ## - PHYSICAL DESCRIPTION
Extent 83पृ.
Dimensions 20सेमी (सजिल्द)
650 ## - SUBJECT ADDED ENTRY--TOPICAL TERM
Topical term or geographic name as entry element हिन्दी -- साहित्य
9 (RLIN) 56998
650 ## - SUBJECT ADDED ENTRY--TOPICAL TERM
Topical term or geographic name as entry element हिन्दी -- उपन्यास
9 (RLIN) 56999
650 ## - SUBJECT ADDED ENTRY--TOPICAL TERM
Topical term or geographic name as entry element Hindi -- Literature
9 (RLIN) 57000
650 ## - SUBJECT ADDED ENTRY--TOPICAL TERM
Topical term or geographic name as entry element Hindi -- Fiction
9 (RLIN) 27248
942 ## - ADDED ENTRY ELEMENTS (KOHA)
Source of classification or shelving scheme Dewey Decimal Classification
Koha item type Hindi Books
Classification part
Call number suffix आशापू
Holdings
Withdrawn status Lost status Damaged status Not for loan Home library Current library Date acquired Source of acquisition Cost, normal purchase price Total Checkouts Full call number Barcode Date last seen Date checked out Copy number Cost, replacement price Price effective from Koha item type Public note
Written off       Central Library Central Library 17/08/2015 Cen Lib/Ret 60.00 1 उ आशापू A-830622 24/04/2018 09/04/2018 1 60.00 17/08/2015 Hindi Books Written off on approval by DLB (By Circulation); dtd 20.12.2022

© Delhi Public Library
Hit Counter
free hit counter